Tiere mit "F" aufzählen - Statistiken

Allgemein
  • Dieses Quiz wurde 538 mal gespielt
  • Das Durchschnittsergebnis liegt bei 14 aus 40
Antwortstatistiken
Tier mit F % Korrekt
Fisch
89%
Fuchs
89%
Feldmaus
72%
Fliege
67%
Fledermaus
65%
Frosch
65%
Fasan
60%
Falke
58%
Forelle
56%
Faultier
54%
Fink
51%
Ferkel
50%
Floh
47%
Frettchen
46%
Flamingo
43%
Falter
37%
Flughund
36%
Flusspferd
36%
Fohlen
36%
Flunder
33%
Feldhase
29%
Falbkatze
27%
Feuersalamander
25%
Fossa
24%
Frischling
23%
Fischreiher
21%
Fruchtfliege
21%
Fennek
20%
Fischotter
20%
Farbmaus
17%
Finnwal
13%
Flusskrebs
12%
Friese
12%
Feuerqualle
11%
Fingertier
10%
Fischadler
9%
Filzlaus
6%
Französische Bulldogge
6%
Feuerkäfer
3%
Feldlerche
2%
Keine übereinstimmenden Quizze gefunden
Verteilung der Resultate
Anzahl Personen mit jedem Resultat
Perzentil nach korrekt beantworteten Fragen
Ihre Resultats-Entwicklung
Sie haben dieses Quiz noch nicht gespielt